000 00365nam a2200169Ia 4500
003 0STCL
008 150530s9999 xx 000 0 und d
040 _aSTCL
_cSTCL
100 _aMusafir
245 _aVachan
260 _bStar Publications ; Delhi
_c1979
300 _a0
546 _aEnglish
942 _2ddc
_cBK
999 _c64836
_d64836
005 20220125171253.0